000 00832nmm a2200301 a 4500
003 AR-BaBNM
005 20251128211716.0
008 015120s1999 ||||||||||||||000 | spa||
020 _a2-7234-2917-2
040 _cAR-BaBNM
100 1 _aBronner, André
245 1 0 _aLe phare du bout du monde
260 _aGrenoble
_bEditions Glénat
_c1999
300 0 _a159 p.
_bil.
500 0 _aCon dedicatoria del autor
600 1 4 _aVerne, Jules
_d1828-1905
650 4 _aLITERATURA FRANCESA
650 4 _aLITERATURA CONTEMPORANEA
650 4 _aBIOLOGIA
650 4 _aEXPEDICIONES GEOGRAFICAS
650 4 _aEXPEDICIONES CIENTIFICAS
655 _aLITERATURA
700 1 _aMaurel, Gilbert
_eilustrador
700 1 _aFlahault, Gildas
_eilustrador
700 1 _aNouraud, Daniel
_efotógrafo
942 _cBK
998 _cmartin
999 _c20809
_d20809